| 000 | 00716nam a2200253 i 4500 | ||
|---|---|---|---|
| 001 | 000027049 | ||
| 003 | DO-SdBNP | ||
| 005 | 20260528095359.0 | ||
| 007 | ta | ||
| 008 | 110329s1971 dr 000 0 spa d | ||
| 040 |
_aDO-SdBNP _bspa _cBNPHU _erda |
||
| 041 | _aspa | ||
| 082 | 4 |
_axxx _222 |
|
| 100 | 1 |
_aGoico Castro, Manuel de Jesus, _eautor _4aut. _923255 |
|
| 245 | 1 | 0 |
_aMella integral / _cManuel de Jesus Goico Castro. |
| 264 | 1 |
_aSanto Domingo, : _bEditora del Caribe, _c1971. |
|
| 300 |
_a21 páginas ; _c17 cm. |
||
| 336 |
_atexto _btxt _2rdacontent |
||
| 337 |
_asin mediación _bn _2rdamedia |
||
| 338 |
_avolumen _bnc _2rdacarrier |
||
| 590 | _aInventariado, 2024/DG | ||
| 910 | _aDG | ||
| 942 |
_2ddc _cLF2 |
||
| 999 |
_c26541 _d26541 |
||